Every Little Thing She Does Is Magic - The Police (All Lyrics) - Statistics

General Stats
  • This quiz has been taken 20 times
  • The average score is 285 of 333
Answer Stats
Answer % Correct
a
100%
A
100%
be
100%
do
100%
Do
100%
does
100%
Every
100%
every
100%
I
100%
is
100%
little
100%
magic
100%
magic,
100%
Magic,
100%
she
100%
the
100%
thing
100%
thing,
100%
Thing
100%
in
93%
just
93%
me
93%
my
93%
Of
93%
on
93%
On
93%
Though
93%
though
93%
turns
93%
E-oh
86%
Even
86%
Everything
86%
I've
86%
life
86%
to
86%
tragic
86%
always
79%
And
79%
and
79%
as
79%
before
79%
day
79%
for
79%
goes
79%
have
79%
her
79%
if
79%
It's
79%
it's
79%
love
79%
rainy
79%
tell
79%
time
79%
was
79%
alone
71%
days
71%
feelings
71%
first
71%
heart
71%
know
71%
marry
71%
Must
71%
near
71%
Some
71%
story
71%
that
71%
times
71%
way
71%
we
71%
ask
64%
But
64%
ends
64%
fashioned
64%
from
64%
getting
64%
lose
64%
met?
64%
met
64%
nerve
64%
Now
64%
Oh
64%
old
64%
phone
64%
reach
64%
she'll
64%
since
64%
start
64%
thousand
64%
tried
64%
umbrella
64%
up
64%
wet
64%
big
57%
call
57%
done
57%
enough
57%
fears
57%
silent
57%
come
50%
has
50%
resolved
50%
tongue
50%
gripped
43%
Long
36%
tripped
36%
No matching quizzes found
Score Distribution
Percent of People with Each Score
Percentile by Number Answered
Your Score History
You have not taken this quiz